| 000 | 00894nam a2200253 i 4500 | ||
|---|---|---|---|
| 003 | DO-SdBNP | ||
| 005 | 20231127074500.0 | ||
| 006 | a||||gr|||| 00| 0 | ||
| 007 | ta | ||
| 008 | 231123e1984 dr a|||| |||| 00| 0 spa d | ||
| 040 |
_aDO-SdBNP _bspa _cBNPHU _erda |
||
| 082 | 4 |
_222 _bT584t |
|
| 245 | 1 | 0 |
_aTime english method: _ba basic gramatical and conversational series audio- visual- oral system. / _cHakim Timmy Khan |
| 246 | 1 | 4 |
_aTime english method book one: _ba basic gramatical and conversational series audio- visual- oral system. |
| 264 | 1 |
_aSanto Domingo : _bTime Language System, _c1984 |
|
| 300 |
_a71 páginas : _bIlustraciones ; _c21 cm. |
||
| 336 |
_2rdacontent _atexto _btxt |
||
| 337 |
_2rdamedia _asin mediación _bn |
||
| 338 |
_2rdacarrier _avolumen _bnc |
||
| 490 | _aAudio - Visual - Oral System | ||
| 500 | _av. 1. | ||
| 590 | _aInventariado 2023 / MF | ||
| 942 |
_2ddc _cLBS1 |
||
| 999 |
_c55568 _d55568 |
||